000 nam a22 7a 4500
999 _c28832
_d28832
008 170324b xxu||||| |||| 00| 0 eng d
020 _a1121189768
050 _aN 6350 .A78 2011
245 _aArt survey /
260 _aU.S.A :
_bMcGraw-Hill ,
_c2011 .
300 _avi, 571p. :
_bill. ;
500 _aincludes index
942 _2lcc
_cBOOKS
_hN 6350 .A78 2011